Comparative Study of Ecotourism Policy in the Americas-1998: volume III USA and Canada/
Furkejuvvon:
| Váldodahkki: | |
|---|---|
| Eará dahkkit: | , |
| Materiálatiipa: | Girji |
| Giella: | English |
| Almmustuhtton: |
Estados Unidos:
University of Idaho; Organization of American States,
1999
|
| Fáddágilkorat: |
Lasit fáddágilkoriid
Eai fáddágilkorat, Lasit vuosttaš fáddágilkora!
|
MARC
| LEADER | 00000nam a22000007a 4500 | ||
|---|---|---|---|
| 003 | cru CIDCACS/IIS | ||
| 005 | 20181207142602.0 | ||
| 007 | ta | ||
| 008 | 181207s1999 -us|||||r|||||||| ||eng d | ||
| 999 | |c 41976 |d 41976 | ||
| 040 | |c cru CIDCACS/IIS | ||
| 090 | |a 09.04.05 E26co | ||
| 100 | 1 | |9 8102 |a Edwards, Stephen N. | |
| 245 | 1 | |a Comparative Study of Ecotourism Policy in the Americas-1998: |b volume III USA and Canada/ |c Stephen N. Edwards, William J. McLaughlin, Sam H. Ham | |
| 260 | |a Estados Unidos: |b University of Idaho; |b Organization of American States, |c 1999 | ||
| 300 | |a 175 páginas | ||
| 700 | 1 | |9 8103 |a McLaughlin, William J. | |
| 700 | 1 | |9 8104 |a Ham, Sam H. | |
| 942 | |2 ddc |c LI | ||
